| 000 | 00489nam a2200205Ia 4500 | ||
|---|---|---|---|
| 003 | OSt | ||
| 005 | 20140318094139.0 | ||
| 008 | 140130s9999 xx 000 0 und d | ||
| 020 | _a9780439622486 | ||
| 050 |
_aPZ 7 _b.Y3638Sta 2007 |
||
| 100 | _aYee, Lisa | ||
| 245 |
_aStanford wong flunks big-time / _cLisa Yee. |
||
| 260 |
_bScholastic, _c2007. _aNew York : |
||
| 300 |
_a296 p. : _c18 cm. |
||
| 440 | _v1 | ||
| 521 | _aG4 | ||
| 526 | _c640 | ||
| 942 |
_cBK _2lcc |
||
| 999 |
_c40872 _d40872 |
||